[Event "Loire-ch op 0405"]
[Site "Loire"]
[Date "2004.11.27"]
[Round "4"]
[White "Desassis, Maxence"]
[Black "Clarin, Michel"]
[Result "0-1"]
[WhiteElo "1380"]
[BlackElo "1499"]
[PlyCount "150"]
[EventDate "2004.10.16"]
[EventType "swiss"]
[EventRounds "9"]
[EventCountry "FRA"]
[SourceTitle "EXT 2008"]
[Source "ChessBase"]
[SourceDate "2007.11.25"]
[SourceVersion "1"]
[SourceVersionDate "2007.11.25"]
[SourceQuality "1"]

1. d4 d5 2. Nf3 Nc6 3. e3 a6 4. Bd3 Bg4 5. Nbd2 e5 6. c3 e4 7. Nxe4 dxe4 8. Bxe4 Nf6 9. Bd3 Bd6 10. Qb3 Bxf3 11. gxf3 Qe7 12. Qxb7 0-0 13. Qxc6 Qd7 14. Qxd7 Nxd7 15. e4 Rae8 16. Rg1 Kh8 17. Rg2 Nf6 18. e5 Nh5 19. Bxa6 c5 20. Be3 cxd4 21. exd6 dxe3 22. d7 Re6 23. Rd1 Rd8 24. Bc4 Re7 25. Bb5 Nf4 26. Rg4 e2 27. Rd2 g5 28. Bxe2 Rdxd7 29. Rxd7 Rxd7 30. Rxg5 Re7 31. Kd1 Nxe2 32. a4 Nf4 33. b4 Nh3 34. Rg2 Nf4 35. Rg3 Nd5 36. Kd2 Rd7 37. Kc2 Rc7 38. f4 Nxb4+ 39. Kb3 Nd5 40. f5 Nf6 41. a5 Ne4 42. Re3 Nxf2 43. a6 Ng4 44. Rh3 Nf6 45. Kb4 Nd5+ 46. Kb3 Ne7 47. Rf3 Nc6 48. Ka4 Ne5 49. Re3 f6 50. Kb5 Rg7 51. Kb6 Nc4+ 52. Kb5 Nxe3 53. Kb6 Nd5+ 54. Kc5 Nxc3 55. Kd6 Ne4+ 56. Kc6 Nc3 57. Kb6 Nd5+ 58. Kc5 Ra7 59. Kxd5 Rxa6 60. h3 h5 61. h4 Kg7 62. Kc5 Ra5+ 63. Kd6 Rxf5 64. Ke6 Rf1 65. Kd5 Re1 66. Kd4 f5 67. Kd3 f4 68. Kd2 Re8 69. Kd3 f3 70. Kd4 f2 71. Kd5 f1Q 72. Kd6 Qd1+ 73. Kc6 Re2 74. Kb5 Qb1+ 75. Ka4 Ra2# 0-1